000
00326 a2200157 4500
001
74799
020
_a
9788581930633
040
_c
Anchieta - Colégio São Paulo
100
_a
Eluf, Lygia
240
1
0
_a
Di Cavalcanti
_l
por
245
1
0
_a
Di Cavalcanti
300
_a
93
362
0
_a
2013
650
4
_a
Pintura
942
_c
BK
999
_c
74799
_d
74799